A new data communication radio architecture for wireless sensor networks (Record no. 353857)
[ view plain ]
| 000 -LEADER | |
|---|---|
| fixed length control field | 00424nam a2200097Ia 4500 |
| 008 - FIXED-LENGTH DATA ELEMENTS--GENERAL INFORMATION | |
| fixed length control field | 180130s9999 xx 000 0 und d |
| 245 ## - TITLE STATEMENT | |
| Statement of responsibility, etc | Hutu, Florin; Khoumeri, Aissa; Villermaud, Guillaume; Gorce, Jean-Marie |
| Title | A new data communication radio architecture for wireless sensor networks |
| 260 ## - PUBLICATION, DISTRIBUTION, ETC. (IMPRINT) | |
| Date of publication, distribution, etc | 2015 |
| 300 ## - PHYSICAL DESCRIPTION | |
| Extent | Book title: Elements of data communication--Acession number C20540; pages 65-84 |
| 650 ## - SUBJECT ADDED ENTRY--TOPICAL TERM | |
| Topical term or geographic name as entry element | DATA COMMUNICATION |
| Withdrawn status | Lost status | Damaged status | Home library | Current library | Date acquired | Total Checkouts | Date last seen | Price effective from | Koha item type |
|---|---|---|---|---|---|---|---|---|---|
| College Library | College Library | 01/30/2018 | 01/30/2018 | 01/30/2018 | Book Chapter |